Vplyv prostredia na vývin a výchovu dieťaťa

Bibliographic Details
Main Author: Diešková, Viera (Author)
Format: Article
Language:Slovak
PhysicalDescription:Lit. 10 zázn. v češ., slov.
ISSN:0555-5574
Subjects:

MARC

LEADER 00000nab a2200000 a 4500
001 vtls000576244
003 SK-MaSNL
005 20260304225506.0
008 250425c1995 xo 0 slo
015 |a SNBRB19rr/mm-uuuuu 
035 |a CL0576382 
035 |a urn:nbn:sk:snk-ab2tqs 
035 |a (urnnbn)urn:nbn:sk:snk:ar-a02xhr 
035 |a (uuid)59467a79-5ac6-409d-aad1-201cb54ff7db 
040 |a SNKBUCL  |b slo  |c SNKBUCL  |e AACR2 
041 0 |a slo 
044 |a xo  |c SK 
080 |a 159.922.7:159.922.2:37  |2 1981 
080 |a 159.922.2  |2 1981 
080 |a 37  |2 1981 
100 1 |a Diešková, Viera  |4 aut  |9 641937 
245 1 0 |a Vplyv prostredia na vývin a výchovu dieťaťa  |c Viera Diešková 
300 |b Lit. 10 zázn. v češ., slov. 
650 0 7 |a deti  |2 snkbucl  |9 773 
650 0 7 |a výchova  |2 snkbucl  |9 957 
650 0 7 |a životné prostredie  |2 snkbucl  |9 786 
655 7 |a články z novín a časopisov  |2 snkbucl  |9 267496 
773 0 |t Psychológia a patopsychológia dieťaťa  |g Roč. 30, č. 1 (1995), s. 116-117  |x 0555-5574 
850 |a Slovenská národná knižnica 
852 |a Slovenská národná knižnica 
954 |a odborná, vedecká literatúra pôvodná (slovenská)  |2 lita 
958 |a article2022 
958 |a RK 
958 |a OND 
958 |a EUIPO 
992 |a RBX 
999 |c 3177921  |d 3179851